000 00451nam a2200157 i 4500
001 bgj
100 1 _aProsen, Rose Mary.
245 1 0 _aGrowing up slavic in America :
_bstories and essays /
_cby Rose Mary Prosen [et al.] ; edited by Michael Novak.
260 _aBayville, N.Y. :
_bEMPAC!,
_c1976.
300 _aV, 34 pp ;
_c22 cm.
650 9 _aEssays
040 _cBPK
041 0 _aeng
942 _cKS
008 s uk f |000 0 eng
999 _c47488
_d47488
856 _uhttp://koha.tu.koszalin.pl/cgi-bin/koha/opac-detail.pl?biblionumber=47488
_yKatalog online BPK